00190nam a22000977a 4500003000400000082000900004100000900013245003500022260002700057300000800084SGT bCLUN aCLUN aFUNDAMENTALS OF ENGLISH USAGE  aINDIA bCL PUB. c2010 a162